United Kingdom Consonants Quiz Stats

 Plays Quiz Updated Feb 5, 2019

Support Sporcle.
Go Orange.
Score 0/10 Timer 00:30
5 Plays Today
% Correct
???
88%
???
87.8%
???
87.7%
???
87.6%
???
84%
???
81.3%
???
79.2%
???
75.2%
???
75%
???
50.6%

From the Vault

Top Countries of Naturalized US Citizens

by folio1701

In America, most of us came from somewhere else.
Remove Ads.
Support Sporcle.
Get the best of Sporcle when you Go Orange. This ad-free experience offers more features, more stats, and more fun while also helping to support Sporcle. Thank you for becoming a member.

Show Comments

Extras

Top Quizzes Today


Score Distribution

Your Account Isn't Verified!

In order to create a playlist on Sporcle, you need to verify the email address you used during registration. Go to your Sporcle Settings to finish the process.

Report this User

Report this user for behavior that violates our Community Guidelines.

Details: